00377nam a2200157Ia 4500008004100000082001000041100002300051245002100074250000600095260002300101300000700124600002300131630002100154700002300175730002100198090124s9999 xx 000 0 und d b36266 aARORA BOOK COMPANY aTHE GOLDEN BIRD  a1 bARORA BOOK COMPANY a30 aARORA BOOK COMPANY aTHE GOLDEN BIRD  aARORA BOOK COMPANY aTHE GOLDEN BIRD